Characters from BBC's Merlin Quiz Stats

Quiz not verified by Sporcle

Challenge
Share
Tweet
Embed
Score 0/50 Timer 10:00
0 Plays Today
Hint Answer % Correct
Merlin
96.5%
Arthur Pendragon
87.5%
Morgana
85.4%
Uther Pendragon
84.7%
Gaius
79.2%
Guinevere
78.5%
SIr Lancelot
77.1%
Sir Gwaine
72.9%
Sir Percival
71.5%
SIr Leon
70.8%
Morgause
68.8%
Sir Elyan
64.6%
Mordred
60.4%
Hunith
52.1%
Balinor
45.8%
Nimueh
42.4%
Freya
38.9%
King Cenred
36.8%
Ygraine Pendragon
31.3%
Will
28.5%
Kilgharrah
27.8%
Aithusa
25%
Tom
25%
Alice
23.6%
Tristan
23.6%
Hint Answer % Correct
Catrina Tegor
18.1%
Isolde
16.7%
Alator
15.3%
Cedric
13.9%
Sefa
13.9%
Gilli
13.2%
Sophia
12.5%
King Odin
11.8%
Princess Mithian
11.1%
Anhora
8.3%
Princess Elena
8.3%
Geoffrey of Monmouth
7.6%
Aredian
7.6%
Cornelius Sigan
6.9%
King Olaf
6.9%
Agravaine de Bois
4.9%
Tristan de Bois
4.9%
Princess Vivian
4.9%
Myror
4.2%
Knight Valiant
4.2%
Aulfric
3.5%
Ruadan
3.5%
King Rodor
1.4%
Julius Borden
1.4%
King Bayard
0.7%

You're not logged in!

Compare scores with friends on all Sporcle quizzes.
Sign Up with Email
OR
Log In

You Might Also Like...

Show Comments

Extras

Top Quizzes Today


Score Distribution

Your Account Isn't Verified!

In order to create a playlist on Sporcle, you need to verify the email address you used during registration. Go to your Sporcle Settings to finish the process.

Report this User

Report this user for behavior that violates our Community Guidelines.

Details: